000 00612cam a22002172 4500
001 0000003599
005 20151217145737.0
008 070510s xx 000 0 eng d
020 _a06744005325 :
_cKES 300
040 _aKABU
_cKABU
050 0 _aLB2325
_b.K47 2001
100 1 _aKerr, Clark.
_@0000153621
245 1 4 _aThe Uses of the university.
250 _a5th ed.
260 _aCambridge, Mass. :
_bHarvard Univ. Press,
_c2001.
300 _axiii, 261 p.
650 0 _aEducation, Higher.
_@0000153622
908 _a070510
950 _@1
999 _c2177
_d2177